000 00934cam a22002773a 4500
001 20210
003 PGUSA
005 20140828083428.0
008 061228s2006||||xxu|||||s|||||000 | eng d
040 _aPGUSA
_beng
042 _adc
050 4 _aPR
100 1 _aMcMahan, Anna Benneson
245 1 0 _aShakespeare's Christmas Gift to Queen Bess
_h[electronic resource] /
_cAnna Benneson McMahan
260 _bProject Gutenberg,
_c2006
505 0 _aAt the Mermaid -- At the queen's palace -- A Christmas carol of the olden time.
506 _aPublic domain in the USA.
516 _aElectronic text
653 _aGreat Britain -- History -- Elizabeth, 1558-1603
653 _aShakespeare, William, 1564-1616
653 _aChristmas -- History
653 _aShakespeare, William, 1564-1616. Midsummer night's dream
830 0 _aProject Gutenberg
_v20210
856 4 0 _uhttp://www.gutenberg.org/ebooks/20210
942 _cEB
999 _c249465
_d249465